00793nam a2200205 a 4500008004100000020001500041050001600056100002400072245004900096260005200145300002000197350000900217500001800226650001300244650002100257650005100278995010900329999001700438952013200455120416s1990 ||||||||||||||||| || u a0538072326 aHD 62.4 Kef aKefalas, Asterios G10aGlobal business strategy: a systems approach aCincinnati, Ohio:bSouth-western Pub. Coc1990. axi, 546p. : ill a0.00 aBibliography. 0aBUSINESS aSYSTEMS ANALYSIS aINTERNATIONAL BUSINESS ENTERPRISES--MANAGEMENT D0.00FCBU-MAIN LIBRARY (Kitwe)H1I14.95M1UAVAILABLEWJul 6, 2006ZMain Library Open Access Collection c44616d44616 00102lcc4070a001b001cMain Library Open Access Collectiond2022-11-30l0oHD 62.4 Kefp021557r2022-11-30w2022-11-30y002